Eurovision 2026 - Tile Select - Statistics

General Stats
  • This quiz has been taken 203 times
  • The average score is 34 of 36
Answer Stats
Question Tile Select % Correct
countries sending a song in English. France No
99%
countries sending a song in English. Belgium Yes
98%
countries sending a song in English. Denmark No
98%
actual song titles competing in Vienna. London Lights No
98%
countries sending a song in English. Portugal No
98%
actual song titles competing in Vienna. Laika Party No
97%
countries sending a song in English. Montenegro No
97%
actual song titles competing in Vienna. Ny gryning No
97%
countries that withdrew. Czechia No
96%
countries sending more than person. Finland Yes
96%
countries sending more than person. France No
96%
countries that withdrew. Poland No
96%
countries that withdrew. Portugal No
96%
countries that withdrew. Spain Yes
96%
countries sending more than person. United Kingdom No
96%
countries that withdrew. Iceland Yes
95%
countries that withdrew. Ireland Yes
95%
countries that withdrew. Latvia No
95%
countries sending a song in English. Luxembourg Yes
95%
actual song titles competing in Vienna. My System Yes
95%
countries that withdrew. Netherlands Yes
95%
countries sending a song in English. Poland Yes
95%
countries sending more than person. Portugal Yes
95%
countries sending a song in English. Romania Yes
95%
countries that withdrew. Slovenia Yes
95%
actual song titles competing in Vienna. Sólo quiero más Yes
95%
countries sending more than person. Belgium No
94%
actual song titles competing in Vienna. Bella Yes
94%
countries sending a song in English. Georgia Yes
94%
countries sending more than person. Lithuania No
94%
countries sending more than person. Georgia Yes
93%
actual song titles competing in Vienna. Andromeda Yes
92%
countries sending more than person. Croatia Yes
92%
countries sending more than person. Serbia Yes
92%
actual song titles competing in Vienna. Fire Yes
91%
actual song titles competing in Vienna. Zova Nora No
69%
No matching quizzes found
Score Distribution
Percent of People with Each Score
Percentile by Number Answered
Your Score History
You have not taken this quiz